Inconstitucionalidad del impuesto sobre los creditos y debitos bancarios (ley 25.413 art. 1º, inciso c) y parrafo tercero) por afectación al principio de legalidad

Guardado en:
Detalles Bibliográficos
Autor principal: Fernández, Oscar A.
Formato: Desconocido
Aporte de:Registro referencial: Solicitar el recurso aquí
LEADER 00442 a2200109 4500
001 ART_19476
005 20260410161705.0
008 260409a
245 1 0 |a Inconstitucionalidad del impuesto sobre los creditos y debitos bancarios (ley 25.413 art. 1º, inciso c) y parrafo tercero) por afectación al principio de legalidad 
100 1 |a Fernández, Oscar A. 
773 0 |t Revista Impuestos  |g - Nº 16 (ago. 2008)  |w REV639 
999 |c 15547  |d 15547